000 00850nam a22002297a 4500
001 41491
003 BD-RjUL
005 20211209053410.0
008 160531s1963 ii ||||| |||| 00| 0 ben d
020 _c: IRs 7.50
035 _a(BD-RjUL) 41609
040 _aBD-RjUL
_bben
_cBD-RjUL
041 _aben
082 _223
_a891.4409
_bCHS 1963
100 _aচক্রবর্তী, অমিয়
_9127518
245 1 0 _aসাম্প্রতিক /
_cঅমিয় চক্রবর্তী
260 _aকলকাতা :
_bনাভানা,
_c১৯৬৩
300 _a[১২], ২৭০ পৃ. ;
_c২১ সেমি.
650 _aবাংলা সাহিত্য
_xইতিহাস ও সমালোচনা
_9127519
650 _aBengali Literature
_xHistory & Criticism
_9127520
942 _2ddc
_cBK
999 _c41491
_d41491